[Event "FLOGISTON5"]
[Site "SchemingMind.com"]
[Date "2008.09.05"]
[Round "-"]
[White "Ivancic"]
[Black "Aadsje"]
[Result "0-1"]
[WhiteCountry "AUS"]
[BlackCountry "NED"]
[WhiteElo "2003"]
[WhiteRD "83"]
[BlackElo "2143"]
[BlackRD "59"]
[GameID "169427"]

1. e4 e5 2. Nf3 Nc6 3. Bb5 a6 4. Ba4 Nf6 5. O-O Be7 6. Re1 b5 7. Bb3 O-O 8. c3 d6 9. h3 Bb7 10. d4 Na5
11. Bc2 Nd7 12. Nbd2 c5 13. Nf1 cxd4 14. cxd4 Rc8 15. b3 f5 16. exf5 Bxf3 17. gxf3 Nc6 18. dxe5 dxe5 19. f4 Bb4 20. Re3 exf4
21. Rf3 Nde5 22. Rxf4 Nd4 23. Be4 Rxc1 24. Rxc1 Qg5+ 25. Rg4 Nxg4 26. hxg4 Qxc1 27. Qxd4 Bc5 28. Qd3 Kh8 29. Qg3 Qe1 30. Bd5 Rd8
31. Be6 Bb6 32. g5 Rd2 33. Qb8+ Bd8 34. Qf4 Rd1
0-1

[Event "FLOGISTON5"]
[Site "SchemingMind.com"]
[Date "2008.09.02"]
[Round "-"]
[White "Ivancic"]
[Black "Ollowain"]
[Result "0-1"]
[WhiteCountry "AUS"]
[BlackCountry "GER"]
[WhiteElo "1931"]
[WhiteRD "70"]
[BlackElo "2054"]
[BlackRD "79"]
[GameID "169429"]

1. e4 e5 2. Nf3 Nc6 3. Bb5 a6 4. Ba4 Nf6 5. O-O Be7 6. Re1 b5 7. Bb3 O-O 8. c3 d5 9. exd5 Nxd5 10. Nxe5 Nxe5
11. Rxe5 c6 12. Bxd5 cxd5 13. d4 Bd6 14. Re3 Qh4 15. h3 Qf4 16. Re5 Qf6 17. Re3 Bf5 18. Qf3 Qg6 19. Nd2 Rae8 20. b3 Rxe3
21. Qxe3 Bd7 22. Qf3 Re8 23. Nf1 Re1 24. Bb2 Rxa1 25. Bxa1 Be6 26. Ne3 Qb1+ 27. Qd1 Qxa2 28. c4 bxc4 29. bxc4 dxc4 30. d5 Bd7
31. Bc3 Qb3 32. Qd4 Qb1+ 33. Nf1 Bf8 34. d6 Qd3 35. Qxd3 cxd3 36. Bb4 a5 37. Bxa5 Bxd6 38. Nd2 f5 39. f3 Bg3 40. Nf1 Be5
41. Kf2 f4 42. Ke1 Kf7 43. Nd2 Ke6 44. Ne4 Kd5 45. Kd2 Kc4 46. Bc3 Bxc3+ 47. Nxc3 Bf5 48. Nd1 g5 49. Nb2+ Kd4 50. Nd1 Be6
51. Nf2 Bc4 52. Ne4 h6 53. Nf2 Ba6 54. Ng4 Bc8 55. Nxh6 Be6 56. Ng4 Bxg4 57. fxg4 Ke4 58. Ke1 Ke3 59. Kd1 Kf2
0-1

[Event "FLOGISTON5"]
[Site "SchemingMind.com"]
[Date "2008.09.06"]
[Round "-"]
[White "Ivancic"]
[Black "Sixmax"]
[Result "0-1"]
[WhiteCountry "AUS"]
[BlackCountry "DEN"]
[WhiteElo "2003"]
[WhiteRD "83"]
[BlackElo "2231"]
[BlackRD "69"]
[GameID "169430"]

1. e4 e5 2. Nf3 Nf6 3. Bc4 Nc6 4. Ng5 d5 5. exd5 Nxd5 6. d4 Bb4+ 7. c3 Be7 8. Nxf7 Kxf7 9. Qf3+ Ke6 10. Qe4 Rf8
11. O-O h5 12. dxe5 Rf5 13. Rd1 Rxe5 14. Qg6+ Bf6 15. f4 Ne7 16. Qh7 Rf5 17. Bd3 c6 18. Bxf5+ Nxf5 19. c4 Qb6+ 20. Kh1 Nde3
21. Bxe3 Nxe3 22. Re1 Qxb2 23. Qe4+ Kd6 24. Qd3+ Bd4 25. Nd2 Bf5 26. Qe2 Kc7 27. Rac1 Qxa2 28. Qf2 Qb2 29. c5 Ng4 30. Qh4 Nf2+
31. Kg1 Nd3+ 32. Kh1 Bf6 33. Qxh5 Qxd2 34. Qxf5 Nxe1 35. Qg6 Re8
0-1

[Event "FLOGISTON5"]
[Site "SchemingMind.com"]
[Date "2008.09.02"]
[Round "-"]
[White "_keyes"]
[Black "Ivancic"]
[Result "1/2-1/2"]
[WhiteCountry "ENG"]
[BlackCountry "AUS"]
[WhiteElo "2027"]
[WhiteRD "73"]
[BlackElo "1916"]
[BlackRD "73"]
[GameID "169431"]

1. d4 d5 2. c4 e6 3. Nc3 Nf6 4. Bg5 Nbd7 5. e3 c6 6. Nf3 Bd6 7. Bd3 h6 8. Bh4 O-O 9. O-O Re8 10. Re1 dxc4
11. Bxc4 e5 12. dxe5 Nxe5 13. Nxe5 Bxe5 14. Qb3 Bxh2+ 15. Kh1 Qc7 16. Bxf6 gxf6 17. Bxf7+ Qxf7 18. Qxf7+ Kxf7 19. Kxh2= Re5 20. Rad1 Rh5+
21. Kg1 Be6 22. Rd2 Rg8 23. a3 Rhg5 24. g3 h5 25. Rd4 f5 26. Rf4 Rg4 27. Rxg4 hxg4 28. Rd1 Rh8 29. Rd4 Kf6 30. Kg2 Kg5
31. Kg1 Rh7 32. Kg2 Rd7 33. Rxd7 Bxd7 34. Kf1 Kf6 35. Ke2 Ke6 36. Kd3 c5 37. Nb1 b5 38. Nd2 Bc6 39. Kc3 Ke5 40. b4 c4
41. Kc2 Be4+ 42. Kc3 Bd3 43. Kb2 Kd5=
1/2-1/2

[Event "FLOGISTON5"]
[Site "SchemingMind.com"]
[Date "2008.09.02"]
[Round "-"]
[White "Efren ramos"]
[Black "Ivancic"]
[Result "0-1"]
[WhiteCountry "NCA"]
[BlackCountry "AUS"]
[WhiteElo "1887"]
[WhiteRD "84"]
[BlackElo "2003"]
[BlackRD "83"]
[GameID "169432"]

1. e4 e5 2. Nf3 Nc6 3. Bb5 a6 4. Ba4 Nf6 5. O-O b5 6. Bb3 Be7 7. Re1 O-O 8. c3 d5 9. exd5 Nxd5 10. Nxe5 Nxe5
11. Rxe5 Nf6 12. d4 Bd6 13. Re1 Ng4 14. h3 Qh4 15. Qf3 Nxf2 16. Qxf2 Bh2+ 17. Kf1 Bg3 18. Qd2 Qf6+ 19. Kg1 Bxe1 20. Qxe1 Qg6
21. Kh2 Bb7 22. Qf2 Kh8 23. Bf4 Rac8 24. Nd2 c5 25. dxc5 Rxc5 26. Re1 Rf5 27. g4 Rf6
0-1

[Event "FLOGISTON5"]
[Site "SchemingMind.com"]
[Date "2008.09.02"]
[Round "-"]
[White "smothered mate"]
[Black "Ivancic"]
[Result "1/2-1/2"]
[WhiteCountry "POL"]
[BlackCountry "AUS"]
[WhiteElo "1904"]
[WhiteRD "55"]
[BlackElo "1916"]
[BlackRD "73"]
[GameID "169433"]

1. d4 d5 2. c4 e6 3. Nc3 Nf6 4. Nf3 c6 5. Bg5 Nbd7 6. e3 Bd6 7. Bd3 O-O 8. O-O h6 9. Bxf6 Nxf6 10. Rc1 Nd7
11. a3 a5 12. Bb1 dxc4 13. Ne4 Bb8 14. Rxc4 f5 15. Ned2 e5 16. dxe5 Nxe5 17. Rd4 Qe7 18. Nc4 Nxf3+ 19. Qxf3 Ba7 20. Rd2 Be6
21. Ne5 Qf6 22. Nd7 Bxd7 23. Rxd7 Qxb2 24. Bxf5 Qe5 25. e4 b5 26. Qg4 Qf6 27. g3 Bb6 28. Rfd1 Rad8 29. e5 Qxe5 30. Rxd8 Bxd8
31. Be6+ Kh8 32. f4 Bb6+ 33. Kg2 Qb2+ 34. Kh3 Qxa3 35. Rd7 Qb2 36. Qg6 Bg1 37. Rf7 Qxh2+ 38. Kg4 h5+ 39. Qxh5+ Qxh5+ 40. Kxh5 Rxf7
41. Bxf7 c5 42. Be8 b4 43. Bf7 a4 44. Be8 a3 45. Bf7 Kh7 46. f5 Bd4 47. g4 Be5=
1/2-1/2

[Event "FLOGISTON5"]
[Site "SchemingMind.com"]
[Date "2008.09.05"]
[Round "-"]
[White "Aadsje"]
[Black "Ivancic"]
[Result "1-0"]
[WhiteCountry "NED"]
[BlackCountry "AUS"]
[WhiteElo "2143"]
[WhiteRD "59"]
[BlackElo "2003"]
[BlackRD "83"]
[GameID "169434"]

1. e4 e5 2. Nc3 Nf6 3. Nf3 Bb4 4. Nxe5 O-O 5. Be2 Re8 6. Nd3 Bxc3 7. dxc3 Nxe4 8. O-O d5 9. f3 Nf6 10. Nf4 c6
11. g4 h6 12. Re1 Nbd7 13. b4 b5 14. Qd4 Nf8 15. a4 bxa4 16. Rxa4 Qc7 17. Be3 a5 18. Qb6 Qxb6 19. Bxb6 g5 20. Nd3 N8d7
21. Bd4 Ba6 22. Rxa5 Bb5 23. Bf1 Rxa5 24. bxa5 Ra8 25. Ra1 Ne8 26. Nc5 Nxc5 27. Bxb5 cxb5 28. Bxc5 Nc7 29. Bb6 Na6 30. Rd1 Rc8
31. Rxd5 b4 32. cxb4 Nxb4 33. Rd8+ Rxd8 34. Bxd8 Kf8 35. c3 Na6 36. Kf2 Ke8 37. Bf6 Kf8 38. Ke3
1-0

[Event "FLOGISTON5"]
[Site "SchemingMind.com"]
[Date "2008.09.02"]
[Round "-"]
[White "Ollowain"]
[Black "Ivancic"]
[Result "1-0"]
[WhiteCountry "GER"]
[BlackCountry "AUS"]
[WhiteElo "2152"]
[WhiteRD "87"]
[BlackElo "1916"]
[BlackRD "73"]
[GameID "169436"]

1. d4 d5 2. c4 e6 3. Nf3 Nf6 4. Nc3 c6 5. e3 Nbd7 6. Qc2 Bd6 7. g4 dxc4 8. Bxc4 Nb6 9. Be2 Nfd5 10. Ne4 Nb4
11. Nxd6+ Qxd6 12. Qb3 a5 13. a3 N4d5 14. e4 a4 15. Qc2 Ne7 16. Be3 Nd7 17. Rd1 b5 18. e5 Qb8 19. O-O Bb7 20. Ng5 h6
21. Ne4 O-O 22. g5 hxg5 23. Bxg5 Nf5 24. Ng3 Nxg3 25. fxg3 Nb6 26. Rf4
1-0

[Event "FLOGISTON5"]
[Site "SchemingMind.com"]
[Date "2008.09.06"]
[Round "-"]
[White "Sixmax"]
[Black "Ivancic"]
[Result "1-0"]
[WhiteCountry "DEN"]
[BlackCountry "AUS"]
[WhiteElo "2231"]
[WhiteRD "69"]
[BlackElo "2003"]
[BlackRD "83"]
[GameID "169437"]

1. e4 e5 2. Nf3 Nc6 3. Bb5 a6 4. Bxc6 dxc6 5. O-O Bd6 6. d4 exd4 7. Qxd4 f6 8. Be3 Be6 9. Nbd2 Ne7 10. Rfd1 c5
11. Qc3 b6 12. Nc4 O-O 13. Bf4 Nc8 14. Nxd6 cxd6 15. Qd3 Ra7 16. c4 Rd7 17. Rac1 b5 18. cxb5 c4 19. Qc2 axb5 20. Nd4 Bg4
21. f3 Bh5 22. Nxb5 Qb6+ 23. Nd4 Bf7 24. Be3 Qa6 25. b4 Nb6 26. b5 Qa3 27. Qc3 Qxc3 28. Rxc3 Ra8 29. Ne2 Rxa2 30. Nc1
1-0

[Event "FLOGISTON5"]
[Site "SchemingMind.com"]
[Date "2008.09.03"]
[Round "-"]
[White "PlayerElite"]
[Black "Efren ramos"]
[Result "0-1"]
[WhiteCountry "RUS"]
[BlackCountry "NCA"]
[WhiteElo "1501"]
[WhiteRD "94"]
[BlackElo "1878"]
[BlackRD "81"]
[GameID "169553"]

1. d4 d5 2. c4 c6 3. cxd5 cxd5 4. Nc3 Nf6 5. Nf3 Nc6 6. Bf4 e6 7. e3 Be7 8. Bd3 a6 9. O-O O-O 10. Ne5 Nxe5
11. dxe5 Nd7
0-1

[Event "FLOGISTON5"]
[Site "SchemingMind.com"]
[Date "2008.09.03"]
[Round "-"]
[White "PlayerElite"]
[Black "smothered mate"]
[Result "0-1"]
[WhiteCountry "RUS"]
[BlackCountry "POL"]
[WhiteElo "1501"]
[WhiteRD "94"]
[BlackElo "1931"]
[BlackRD "51"]
[GameID "169555"]

1. e4 c5 2. Nf3 d6 3. d4 cxd4 4. Nxd4 Nf6 5. Nc3 g6 6. Be3 Bg7 7. f3 O-O 8. Qd2 Nc6 9. Bc4 Bd7 10. O-O-O Qb8
11. h4 b5
0-1

[Event "FLOGISTON5"]
[Site "SchemingMind.com"]
[Date "2008.09.03"]
[Round "-"]
[White "PlayerElite"]
[Black "Ollowain"]
[Result "0-1"]
[WhiteCountry "RUS"]
[BlackCountry "GER"]
[WhiteElo "1501"]
[WhiteRD "94"]
[BlackElo "2066"]
[BlackRD "112"]
[GameID "169558"]

1. d4 Nf6 2. c4 e6 3. Nc3 Bb4 4. Qc2 O-O 5. a3 Bxc3+ 6. Qxc3 Ne4 7. Qc2 f5 8. Nf3 b6 9. g3 Bb7 10. Bg2 Nf6
11. O-O= Be4 12. Qc3 Qe8
0-1

[Event "FLOGISTON5"]
[Site "SchemingMind.com"]
[Date "2008.09.04"]
[Round "-"]
[White "Efren ramos"]
[Black "PlayerElite"]
[Result "1-0"]
[WhiteCountry "NCA"]
[BlackCountry "RUS"]
[WhiteElo "1878"]
[WhiteRD "81"]
[BlackElo "1501"]
[BlackRD "94"]
[GameID "169561"]

1. e4 e5 2. Nf3 Nc6 3. Bb5 a6 4. Ba4 Nf6 5. O-O Nxe4 6. d4 b5 7. Bb3 d5 8. dxe5 Be6 9. Nbd2 Nc5 10. Qe2 Nxb3
11. Nxb3
1-0

[Event "FLOGISTON5"]
[Site "SchemingMind.com"]
[Date "2008.09.05"]
[Round "-"]
[White "Ollowain"]
[Black "PlayerElite"]
[Result "1-0"]
[WhiteCountry "GER"]
[BlackCountry "RUS"]
[WhiteElo "2066"]
[WhiteRD "112"]
[BlackElo "1501"]
[BlackRD "94"]
[GameID "169566"]

1. d4 d5 2. c4 e6 3. Nf3 c6 4. e3 Nf6 5. Nc3 Nbd7 6. Qc2 Bd6 7. g4 Nxg4 8. Rg1 Qf6 9. Rxg4 Qxf3 10. Rxg7 Nf8=
11. Rg1
1-0

[Event "FLOGISTON5"]
[Site "SchemingMind.com"]
[Date "2008.09.09"]
[Round "-"]
[White "MazetaFighter"]
[Black "_keyes"]
[Result "1/2-1/2"]
[WhiteCountry "GRE"]
[BlackCountry "ENG"]
[WhiteElo "2043"]
[WhiteRD "78"]
[BlackElo "2010"]
[BlackRD "72"]
[GameID "169996"]

1. e4 c5 2. f4 d5 3. Nc3 dxe4 4. Nxe4 Qc7 5. Nf3 e6 6. d4 cxd4 7. Nxd4 a6 8. Be2 Be7 9. O-O Nf6 10. Nxf6+ Bxf6
11. Be3 O-O 12. c3 Bd7 13. Qd2 Nc6=
1/2-1/2

[Event "FLOGISTON5"]
[Site "SchemingMind.com"]
[Date "2008.09.08"]
[Round "-"]
[White "MazetaFighter"]
[Black "Efren ramos"]
[Result "1-0"]
[WhiteCountry "GRE"]
[BlackCountry "NCA"]
[WhiteElo "2069"]
[WhiteRD "70"]
[BlackElo "1822"]
[BlackRD "79"]
[GameID "169997"]

1. e4 e5 2. Nf3 Nf6 3. Nxe5 d6 4. Nf3 Nxe4 5. d4 d5 6. Bd3 Bd6 7. O-O Nc6 8. Re1 f5 9. c4 O-O 10. cxd5 Ne7
11. Bxe4 fxe4 12. Rxe4 Bf5 13. Re1 Nxd5 14. Nc3 Nf4 15. Ne5 Bxe5 16. Rxe5 Ng6 17. Re1 Kh8 18. Be3 Qh4 19. Ne2 c6 20. Ng3 Be6
21. Qd2
1-0

[Event "FLOGISTON5"]
[Site "SchemingMind.com"]
[Date "2008.09.06"]
[Round "-"]
[White "MazetaFighter"]
[Black "Ivancic"]
[Result "1-0"]
[WhiteCountry "GRE"]
[BlackCountry "AUS"]
[WhiteElo "2069"]
[WhiteRD "70"]
[BlackElo "1916"]
[BlackRD "73"]
[GameID "169998"]

1. e4 e5 2. Nf3 Nc6 3. Bb5 a6 4. Ba4 Nf6 5. O-O b5 6. Bb3 Be7 7. Re1 O-O 8. d4 d6 9. c3 exd4 10. cxd4 Bg4
11. Nc3 Bxf3 12. gxf3 Qc8 13. Kh1 Qh3 14. Rg1 Nh5 15. Bd5 Qd7 16. f4 Nf6 17. Be3 Nxd5 18. Nxd5 f5 19. e5 dxe5 20. dxe5 Rad8
21. Nxe7+ Qxe7 22. Qb3+ Kh8 23. Qc3 Qe6 24. Rad1 Rd5 25. f3 Rfd8 26. Qb3 Rxd1 27. Qxe6
1-0

[Event "FLOGISTON5"]
[Site "SchemingMind.com"]
[Date "2008.09.06"]
[Round "-"]
[White "MazetaFighter"]
[Black "smothered mate"]
[Result "1-0"]
[WhiteCountry "GRE"]
[BlackCountry "POL"]
[WhiteElo "2038"]
[WhiteRD "74"]
[BlackElo "1886"]
[BlackRD "52"]
[GameID "169999"]

1. e4 c5 2. Nf3 d6 3. d4 cxd4 4. Nxd4 Nf6 5. Nc3 g6 6. Be3 Bg7 7. f3 O-O 8. Qd2 Nc6 9. Bc4 Bd7 10. Bb3 Rc8
11. O-O-O Ne5 12. h4 h5 13. Bg5 Nc4 14. Qd3 b5 15. Ndxb5 Bxb5 16. Nxb5 Nxb2 17. Kxb2 Nxe4+ 18. Kb1 Nc3+ 19. Nxc3 Rxc3 20. Qd2 Re8
21. Rhe1 Qa5 22. Re3 Rec8 23. Rxc3 Bxc3 24. Qd5 Qa3 25. Bc1 Qb4 26. Qxf7+ Kh8 27. Qxg6 Bg7 28. Qxh5+
1-0

[Event "FLOGISTON5"]
[Site "SchemingMind.com"]
[Date "2008.09.07"]
[Round "-"]
[White "MazetaFighter"]
[Black "Aadsje"]
[Result "0-1"]
[WhiteCountry "GRE"]
[BlackCountry "NED"]
[WhiteElo "2058"]
[WhiteRD "75"]
[BlackElo "2187"]
[BlackRD "59"]
[GameID "170000"]

1. e4 c5 2. Nf3 d6 3. d4 cxd4 4. Nxd4 Nf6 5. Nc3 e5 6. Bb5+ Bd7 7. Bxd7+ Qxd7 8. Nf5 Nxe4 9. Nxe4 Qxf5 10. Nxd6+ Bxd6
11. Qxd6 Nc6 12. Be3 Qxc2 13. O-O Qg6 14. Qc7 O-O 15. Qxb7 Rab8 16. Qd7 Rfd8 17. Qc7 Rbc8 18. Qb7 Rb8 19. Qc7 Nd4 20. Qxa7 Rxb2
21. Qe7 Rbb8 22. Bxd4 exd4 23. Rab1 Ra8 24. Rb7 Qf5 25. Rd1 d3 26. a4 d2 27. f3 Rac8 28. Kf2 Qf4 29. a5 Re8 30. Rb4 Qf5
31. Qd6 Rcd8 32. Qc7 Qd3 33. Re4 Rxe4 34. fxe4 Qd4+ 35. Kf1 g6 36. Qb6 Qd3+ 37. Kf2 Rd6 38. Qb2 h6 39. a6 Rxa6 40. Qxd2 Rf6+
41. Kg1 Rf1+
0-1

[Event "FLOGISTON5"]
[Site "SchemingMind.com"]
[Date "2008.09.05"]
[Round "-"]
[White "MazetaFighter"]
[Black "Ollowain"]
[Result "0-1"]
[WhiteCountry "GRE"]
[BlackCountry "GER"]
[WhiteElo "2069"]
[WhiteRD "70"]
[BlackElo "2152"]
[BlackRD "87"]
[GameID "170002"]

1. e4 e5 2. Nf3 Nc6 3. Nc3 Nf6 4. Bb5 Nd4 5. Ba4 c6 6. Nxe5 d6 7. Nd3 b5 8. Bb3 a5 9. a3 Nxb3 10. cxb3 Be7
11. O-O O-O 12. Nf4 Ba6 13. Re1 b4 14. axb4 axb4 15. Na4 Qc7 16. d3 h6 17. Be3 c5 18. Qf3 Bb5 19. Qg3 Rfe8 20. d4 Nxe4
21. Nd5 Qb7 22. Nxe7+ Qxe7 23. Qg4 Bd7 24. Qf3 cxd4 25. Bxd4 Nd2 26. Qxa8 Nf3+ 27. gxf3 Qg5+
0-1

[Event "FLOGISTON5"]
[Site "SchemingMind.com"]
[Date "2008.09.10"]
[Round "-"]
[White "MazetaFighter"]
[Black "Sixmax"]
[Result "1/2-1/2"]
[WhiteCountry "GRE"]
[BlackCountry "DEN"]
[WhiteElo "2038"]
[WhiteRD "74"]
[BlackElo "2231"]
[BlackRD "69"]
[GameID "170003"]

1. e4 e5 2. Nf3 Nf6 3. Nxe5 d6 4. Nf3 Nxe4 5. d4 d5 6. Bd3 Bd6 7. O-O O-O 8. Re1 Bg4 9. Bxe4 dxe4 10. Rxe4 f5
11. Re1 Nc6 12. c3 Re8 13. Rxe8+ Qxe8 14. Nbd2 Qe6 15. Qb3 Qxb3 16. axb3 Re8 17. Kf1 a6 18. Nc4 h6 19. Nxd6 cxd6 20. Bf4 Bxf3
21. gxf3 d5 22. Re1 Rxe1+ 23. Kxe1 Kf7 24. Ke2 g5=
1/2-1/2

[Event "FLOGISTON5"]
[Site "SchemingMind.com"]
[Date "2008.09.09"]
[Round "-"]
[White "_keyes"]
[Black "MazetaFighter"]
[Result "1/2-1/2"]
[WhiteCountry "ENG"]
[BlackCountry "GRE"]
[WhiteElo "2029"]
[WhiteRD "78"]
[BlackElo "2058"]
[BlackRD "75"]
[GameID "170005"]

1. d4 Nf6 2. c4 e6 3. Nc3 Bb4 4. e3 O-O 5. Bd3 d5 6. Ne2 c5 7. O-O cxd4 8. exd4 dxc4 9. Bxc4 Nc6 10. a3 Bd6
11. h3 b6 12. Be3 Bb7 13. Qd2 Na5 14. Ba2 Rc8 15. Rad1 Nc4 16. Bxc4 Rxc4 17. Bg5 Be7 18. b3 Rc8 19. b4 Nd5 20. Bxe7 Nxe7
21. Ng3 Nd5 22. Nxd5 Qxd5 23. f3 Rc4 24. Qb2 Rfc8 25. Rd2 Qc6 26. Rff2 Rc1+ 27. Rf1 Rxf1+ 28. Kxf1 Qc1+ 29. Kf2 Qxb2 30. Rxb2 Rc3
31. a4 Kf8 32. Ne2 Ra3 33. a5 Bd5 34. axb6 axb6 35. Nc1 Ke7 36. Ne2 Rb3 37. Rxb3=
1/2-1/2

[Event "FLOGISTON5"]
[Site "SchemingMind.com"]
[Date "2008.09.08"]
[Round "-"]
[White "Efren ramos"]
[Black "MazetaFighter"]
[Result "0-1"]
[WhiteCountry "NCA"]
[BlackCountry "GRE"]
[WhiteElo "1822"]
[WhiteRD "79"]
[BlackElo "2069"]
[BlackRD "70"]
[GameID "170006"]

1. Nf3 d5 2. d4 Nf6 3. c4 e6 4. g3 dxc4 5. Bg2 Nc6 6. O-O Rb8 7. Ne5 Nxe5 8. dxe5 Qxd1 9. Rxd1 Nd7 10. f4 Bc5+
11. e3 O-O 12. Nc3 c6 13. Ne4 Be7 14. b3 Nb6 15. Rb1 cxb3 16. axb3 Nd5 17. Bd2 Rd8 18. b4 b6 19. Kf2 Bb7
0-1

[Event "FLOGISTON5"]
[Site "SchemingMind.com"]
[Date "2008.09.06"]
[Round "-"]
[White "Ivancic"]
[Black "MazetaFighter"]
[Result "0-1"]
[WhiteCountry "AUS"]
[BlackCountry "GRE"]
[WhiteElo "1916"]
[WhiteRD "73"]
[BlackElo "2069"]
[BlackRD "70"]
[GameID "170007"]

1. e4 e5 2. Nf3 Nc6 3. Bb5 a6 4. Ba4 d6 5. O-O Bd7 6. c3 Nge7 7. Re1 Ng6 8. d4 Be7 9. Nbd2 b5 10. Bc2 exd4
11. cxd4 O-O 12. Nf1 Bg4 13. Be3 Bf6 14. h3 Bxf3 15. gxf3 Nb4 16. Bb1 c5 17. Qb3 cxd4 18. Qxb4 dxe3 19. fxe3 Qd7 20. Qd2 Qxh3
21. Nh2 Bh4 22. Rf1 Ne5 23. Bd3 Bg3 24. Bc2 Bxh2+ 25. Qxh2 Nxf3+ 26. Rxf3 Qxf3 27. e5 Qxe3+ 28. Kh1 g6 29. exd6 Rfe8 30. d7 Qe1+
0-1

[Event "FLOGISTON5"]
[Site "SchemingMind.com"]
[Date "2008.09.06"]
[Round "-"]
[White "smothered mate"]
[Black "MazetaFighter"]
[Result "0-1"]
[WhiteCountry "POL"]
[BlackCountry "GRE"]
[WhiteElo "1904"]
[WhiteRD "55"]
[BlackElo "2069"]
[BlackRD "70"]
[GameID "170008"]

1. d4 e6 2. e4 d5 3. e5 c5 4. c3 Nc6 5. Nf3 Bd7 6. Be2 Nge7 7. h4 cxd4 8. cxd4 Qb6 9. b3 Nf5 10. Bb2 Bb4+
11. Kf1 h5 12. a3 Be7 13. b4 Rc8 14. Rh3 O-O 15. Qd3 a5 16. b5 Na7 17. a4 Rc7 18. Nbd2 Rfc8 19. Nb3 Rc2 20. Rb1 R2c4
21. Ra1 Rb4 22. Nfd2 g6 23. Ba3 Rxa4 24. Bc5 Rxa1+ 25. Nxa1 Bxc5 26. dxc5 Qxc5 27. Nab3 Qb4
0-1

[Event "FLOGISTON5"]
[Site "SchemingMind.com"]
[Date "2008.09.07"]
[Round "-"]
[White "Aadsje"]
[Black "MazetaFighter"]
[Result "1/2-1/2"]
[WhiteCountry "NED"]
[BlackCountry "GRE"]
[WhiteElo "2166"]
[WhiteRD "59"]
[BlackElo "2069"]
[BlackRD "70"]
[GameID "170009"]

1. e4 e5 2. Nf3 Nc6 3. Bb5 a6 4. Bxc6 dxc6 5. O-O f6 6. d3 Bg4 7. Be3 Bd6 8. c3 c5 9. Nbd2 Qd7 10. Nb3 b6
11. h3 Be6 12. d4 cxd4 13. cxd4 exd4 14. Nbxd4 Ne7 15. Nxe6 Qxe6 16. Qa4+ b5= 17. Qc2 O-O 18. Nd4 Qd7 19. Qb3+ Kh8 20. Rfd1 Rfd8
21. Qe6 Ng6 22. Qxd7 Rxd7 23. Rac1 Be5 24. Ne6 Re7 25. Nd4 Rd7=
1/2-1/2

[Event "FLOGISTON5"]
[Site "SchemingMind.com"]
[Date "2008.09.05"]
[Round "-"]
[White "Ollowain"]
[Black "MazetaFighter"]
[Result "1-0"]
[WhiteCountry "GER"]
[BlackCountry "GRE"]
[WhiteElo "2089"]
[WhiteRD "107"]
[BlackElo "2038"]
[BlackRD "74"]
[GameID "170011"]

1. d4 d5 2. c4 e6 3. Nf3 Nf6 4. Nc3 c6 5. e3 a6 6. b3 Bb4 7. Bd2 Nbd7 8. Bd3 O-O 9. O-O dxc4 10. bxc4 Qc7
11. Qc2 e5 12. a3 Bxc3 13. Bxc3 exd4 14. exd4 Nb6 15. Ba5 c5 16. Rab1 Nfd7 17. Bxh7+ Kh8 18. Bd3 Qd6 19. Qb3 cxd4 20. Bxb6
1-0

[Event "FLOGISTON5"]
[Site "SchemingMind.com"]
[Date "2008.09.10"]
[Round "-"]
[White "Sixmax"]
[Black "MazetaFighter"]
[Result "1-0"]
[WhiteCountry "DEN"]
[BlackCountry "GRE"]
[WhiteElo "2231"]
[WhiteRD "69"]
[BlackElo "2038"]
[BlackRD "74"]
[GameID "170012"]

1. e4 e5 2. Nf3 Nc6 3. Bb5 a6 4. Bxc6 dxc6 5. O-O f6 6. Nc3 Bg4 7. d3 Bd6 8. h3 Bh5 9. Be3 Ne7 10. Qe2 c5
11. a4 c6 12. a5 O-O 13. Na4 Qxa5 14. Nxc5 Qb5 15. c4 Qb4 16. Ra4 Bxf3 17. gxf3 Qb6 18. Ne6 Qb3 19. Rfa1 Rfc8 20. R1a3 Bxa3
21. Rxa3 Qb4 22. Bc5 Qxa3 23. Bxa3 Ng6 24. d4 exd4 25. Qd1 Ne5 26. f4 Nxc4 27. Qg4 g6 28. Qh4 Kf7 29. Qxh7+
1-0